000 01690nam0a2200373 4500
001 RU\NLR\BIBL_A\016283084
005 20230309150317.0
010 _a978-5-00132-491-1
_92500
021 _aRU
_bКН-П-24-020560
_9КН-П-24-2151
021 _aRU
_bКН-П-23-000317
_9КН-П-23-0028
035 _a(NLR Aleph) 016283084
090 _a12922300
_c12922300
100 _a20230209d2023 c y0rusy50 ca
101 0 _arus
102 _aRU
105 _aa z 000ay
181 0 _ai3
_baxxe
181 0 _ab2
_bxb2e
182 0 _an
200 1 _aПрыжок
_e[рассказы и сказки
_eдля младшего школьного возраста
_eдля самостоятельного чтения
_eкрупные буквы, слова с ударениями]
_fЛ. Толстой
_gхудожник: Вадим Челак
203 _aТекст
_aИзображение
_bвизуальные
_cнепосредственные
210 _aМосква
_cВАКОША
_d2023
215 _a14, [2] с.
_cцв. ил.
_d24
225 1 _aСерия "Читаем сами"
333 _a6+
606 1 _aРусский язык
_jХрестоматии для дошкольного обучения
_91533567
_3RU\NLR\AUTH\66969347
675 _a821.161.1-93
_v4
686 3 _aШ141.12-921хрест
700 1 _7ca
_8rus
_aТолстой
_bЛ. Н.
_f1828-1910
_gЛев Николаевич
_9111537
_3RU\NLR\AUTH\771515
702 1 _4040
_7ca
_8rus
_aЧелак
_bВ. Г.
_cхудожник
_f1961-
_gВадим Георгиевич
_946992
_3RU\NLR\AUTH\7764063
942 _cBOOK
980 _aNB